Nepeňažné vklady spoločníkov do spoločnosti z pohľadu účtovníctva bakalárska práca

Salvato in:
Dettagli Bibliografici
Autore principale: Marczell, Róbert
Ente Autore: Fakulta hospodárskej informatiky EU. Katedra účtovníctva a audítorstva
Altri autori: Tomanicová, Viera
Natura: Libro
Lingua:slovacco
Pubblicazione: Bratislava 2016
Tags: Aggiungi Tag
Nessun Tag, puoi essere il primo ad aggiungerne!!

MARC

LEADER 00000nbm a2200000 4500
001 0219166
005 20240903101721.9
041 0 |a slo 
044 |a SK 
245 1 0 |a Nepeňažné vklady spoločníkov do spoločnosti z pohľadu účtovníctva  |b bakalárska práca  |c Róbert Marczell ; školiteľ: Viera Tomanicová 
264 1 |a Bratislava  |c 2016 
300 |a 48 s. 
100 1 |a Marczell, Róbert 
700 1 |a Tomanicová, Viera 
710 2 |a Fakulta hospodárskej informatiky EU. Katedra účtovníctva a audítorstva